[Event "6eme Open d'Echecs de Saint-Chely d'Aub"]
[Site "Saint-Chely d'Aubrac (12)"]
[Date "2006.07.17"]
[Round "3.30"]
[White "Messinger, Karl"]
[Black "Etienne, Adrien"]
[Result "1-0"]
[WhiteElo "1480"]
[BlackElo "1550"]
[PlyCount "51"]

1. e4 c5 2. Nf3 e6 3. d4 cxd4 4. Nxd4 e5 5. Nb5 Nc6 6. N1c3 Bc5 7. Nd5 Bb6 8.
Nxb6 axb6 9. Qd6 Qe7 10. Nc7+ Kd8 11. Qxe7+ Ngxe7 12. Nxa8 Nd4 13. Bd3 Nec6 14.
c3 Ne6 15. Nxb6 Nf4 16. Bxf4 exf4 17. Nxc8 Kxc8 18. O-O-O Ne5 19. g3 fxg3 20.
hxg3 g5 21. f4 gxf4 22. gxf4 Ng4 23. Rd2 Kc7 24. Rg2 Nf6 25. e5 Ng8 26. Rxh7
1-0

[Event "6eme Open d'Echecs de Saint-Chely d'Aub"]
[Site "Saint-Chely d'Aubrac (12)"]
[Date "2006.07.17"]
[Round "3.31"]
[White "Ruetsch, Johan"]
[Black "Bou, Georges"]
[Result "1/2-1/2"]
[WhiteElo "1550"]
[BlackElo "1420"]
[PlyCount "47"]

1. e4 e5 2. Nf3 Nc6 3. Bb5 a6 4. Ba4 Nf6 5. d3 Be7 6. Bxc6 dxc6 7. h3 Qd6 8.
O-O O-O 9. Nc3 Re8 10. Re1 b5 11. Bg5 h6 12. Bh4 b4 13. Nb1 Nh5 14. Bxe7 Rxe7
15. Nfd2 Qg6 16. Re3 Nf4 17. Rg3 Qh5 18. Qxh5 Nxh5 19. Re3 Nf4 20. a3 c5 21.
axb4 cxb4 22. Ra5 f6 23. Nc4 Ne6 24. Nbd2 1/2-1/2

[Event "6eme Open d'Echecs de Saint-Chely d'Aub"]
[Site "Saint-Chely d'Aubrac (12)"]
[Date "2006.07.17"]
[Round "3.32"]
[White "Saucey, Milena"]
[Black "Schneider, Alec"]
[Result "0-1"]
[WhiteElo "1390"]
[BlackElo "1550"]
[PlyCount "42"]

1. e4 c5 2. Nf3 d6 3. d4 cxd4 4. Nxd4 e5 5. Nf3 Nf6 6. Nc3 Nc6 7. Bg5 Be7 8. h3
O-O 9. Bc4 h6 10. Bh4 a6 11. Ne2 b5 12. Bd5 Bb7 13. O-O Rc8 14. c3 Nxd5 15.
exd5 Bxh4 16. dxc6 Rxc6 17. Nxh4 Qxh4 18. Ng3 f5 19. Qb3+ Rc4 20. Ne2 Qe4 21.
Ng3 Qxg2# 0-1

[Event "6eme Open d'Echecs de Saint-Chely d'Aub"]
[Site "Saint-Chely d'Aubrac (12)"]
[Date "2006.07.17"]
[Round "3.33"]
[White "Vernet, Pierrick"]
[Black "Viennot, Kevin"]
[Result "0-1"]
[WhiteElo "1099"]
[BlackElo "1540"]
[PlyCount "90"]

1. e4 c6 2. Nc3 d5 3. Nf3 Bg4 4. exd5 cxd5 5. Bb5+ Nc6 6. d4 Nf6 7. O-O e6 8.
a4 Bd6 9. Qe1 Bxf3 10. gxf3 Qc7 11. Bxc6+ bxc6 12. b4 Bxh2+ 13. Kg2 Bd6 14. Rh1
Bxb4 15. Bd2 Bd6 16. a5 a6 17. Na2 Nd7 18. Rb1 c5 19. Qg1 cxd4 20. Rc1 g6 21.
c3 Qxa5 22. Rc2 d3 23. Rb2 Qc7 24. Qc1 Ba3 25. Bh6 Bxb2 26. Qxb2 Rb8 27. Qd2
Qa7 28. Qxd3 Rb2 29. Be3 Qb7 30. Nc1 Qb5 31. Qd1 Rb1 32. Rg1 O-O 33. Rh1 Rc8
34. f4 f5 35. Bd4 Nc5 36. Rxh7 Rxc1 37. Qxc1 Nd3 38. Rh6 Nxc1 39. Rxg6+ Kf7 40.
Be3 Kxg6 41. Bxc1 Rg8 42. c4 Kh5+ 43. Kh3 Qb3+ 44. Kh2 Qf3 45. c5 Qg2# 0-1

[Event "6eme Open d'Echecs de Saint-Chely d'Aub"]
[Site "Saint-Chely d'Aubrac (12)"]
[Date "2006.07.17"]
[Round "3.34"]
[White "Viennot, Dylan"]
[Black "Carrie, Emilien"]
[Result "1-0"]
[WhiteElo "1510"]
[BlackElo "1199"]
[PlyCount "73"]

1. e4 e5 2. Nf3 Nc6 3. Bb5 Bb4 4. O-O Nf6 5. d3 O-O 6. Bd2 a5 7. a3 Bc5 8. Nc3
d5 9. exd5 Nxd5 10. Bxc6 bxc6 11. Nxe5 Qe8 12. Re1 Ra6 13. Ng6 Be7 14. Nxd5
cxd5 15. Nxe7+ Kh8 16. Ng6+ Rxg6 17. Rxe8 Rxe8 18. Bxa5 c5 19. Qd2 Bh3 20. g3
Rge6 21. f4 Ra8 22. Re1 h6 23. Rxe6 Bxe6 24. Bb6 Bg4 25. Bxc5 Re8 26. Kf2 Rb8
27. Bb4 Re8 28. a4 f5 29. a5 Ra8 30. Qc3 Bd1 31. a6 Rxa6 32. Qc8+ Kh7 33. Qxa6
Bxc2 34. Qb7 Kg6 35. Qxg7+ Kh5 36. h3 Bd1 37. Qf7# 1-0